Socrate : (Record n. 360474)

Dettagli MARC
000 -LEADER
fixed length control field 01246nam a2200277 i 4500
001 - CONTROL NUMBER
control field 000000183115
003 - CONTROL NUMBER IDENTIFIER
control field IT-MiSPE
005 - DATE AND TIME OF LATEST TRANSACTION
control field 20250327161706.0
008 - FIXED-LENGTH DATA ELEMENTS--GENERAL INFORMATION
fixed length control field 190429t2015 it b 00| 0dita d
020 ## - INTERNATIONAL STANDARD BOOK NUMBER
International Standard Book Number 9771826380362
040 ## - CATALOGING SOURCE
Original cataloging agency IT-MiSPE
Language of cataloging ita
Description conventions rda
Transcribing agency IT-MiSPE
Modifying agency IT-MiSPE
041 1# - LANGUAGE CODE
Language code of text/sound track or separate title ita
082 ## - DEWEY DECIMAL CLASSIFICATION NUMBER
Classification number 183.2-SOC vi (ppv 23412)
245 10 - TITLE STATEMENT
Title Socrate :
Remainder of title vita, pensiero, testimonianze /
Statement of responsibility, etc. Alessandro Ravera (per la vita); Francesco Adorno (per il pensiero e la storia della critica); Gabriele Giannantoni (a cura di, per i testi)
264 #1 -
Place of production, publication, distribution, manufacture Milano :
Name of producer, publisher, distributor, manufacturer Il Sole 24 Ore,
Date of production, publication, distribution, manufacture, or copyright notice [2006]
264 #4 -
Date of production, publication, distribution, manufacture, or copyright notice c2006
300 ## - PHYSICAL DESCRIPTION
Extent 581 p. ;
Dimensions 22 cm.
490 1# - SERIES STATEMENT
Series statement I Grandi Filosofi (opere scelte di Armando Massarenti);
Volume/sequential designation 01
520 ## - SUMMARY, ETC.
Summary, etc. Vita, pensiero e testimonianze.<br/>La vita, il glossario, le scede di approfondimento, la cronologia (testi di Alessandro Ravera).<br/>Pensiero e la storia della critica (testi di Francesco Adorno).<br/>Testi (a cura di Gabriele Giannantoni).
655 ## - INDEX TERM--GENRE/FORM
Genre/form data or focus term Socrates
Form subdivision Filosofia greca.
9 (RLIN) 62018
700 ## - ADDED ENTRY--PERSONAL NAME
Personal name Massarenti, Armando
Relator term curatore
9 (RLIN) 62019
700 ## - ADDED ENTRY--PERSONAL NAME
Personal name Ravera, Alessandro
Relator term autore
9 (RLIN) 62020
700 ## - ADDED ENTRY--PERSONAL NAME
Personal name Adorno, Francesco
Relator term autore
9 (RLIN) 62021
700 ## - ADDED ENTRY--PERSONAL NAME
Personal name Giannantoni, Gabriele
Relator term curatore
9 (RLIN) 62022
942 ## - ADDED ENTRY ELEMENTS (KOHA)
Source of classification or shelving scheme
Koha item type LIBRO
Dati di copia
Withdrawn status Lost status Source of classification or shelving scheme Damaged status Not for loan Home library Current library Date acquired Total Checkouts Full call number Barcode Date last seen Price effective from Koha item type
    Dewey Decimal Classification Buone Condizioni Not For Loan CINISELLO CINISELLO 27/03/2025   183.2-SOC vi (ppv 23412) 9771826380362 27/03/2025 27/03/2025 LIBRO
CREDITS: SOCIETA' SAN PAOLO Via A.Severo, 58 - ROMA (RM) & PERIODICI SAN PAOLO SRL Via Giotto, 36 MILANO & CISF Via Giotto, 36 MILANO & EDIZIONI SAN PAOLO SRL,  Piazza Soncino, 5 CINISELLO BALSAMO (MI) -- ITALY